000 01204nam a2200289 i 4500
003 EG-GICUC
005 20260306100334.0
008 260221s1993 oku||||fr|||| 00| 0 eng d
040 _aEG-GiCUC
_beng
_cEG-GiCUC
_dEG-GiCUC
_erda
082 0 4 _221
_a341.48
_bME
092 0 4 _221
099 _aLaw1 11 341.48 ME 1993
111 _aRaul Humberto De Lima Simoesmediterranean Conference on Human Rights Conference Mediterraneenne Sur Les Droits De L'homme Conferenza Mediterranea Sui Diritti Dell'uomo
_c(Taormina:
_d1993)
245 1 0 _aRaul Humberto De Lima Simoesmediterranean Conference on Human Rights Conference Mediterraneenne Sur Les Droits De L'homme Conferenza Mediterranea Sui Diritti Dell'uomo
264 1 _aPenitenziari :
_bCentro Internazionale Di Ricerche Estudi Sociologici Penali E Penitenziari,
_c1993.
300 _a107 pages :
_billustrations,
_c24 cm
336 _2rda content
_atext
337 _2rda media
_aComputer
338 _2rda carrier
_aOnline Resource
504 _a
546 _aText in English
650 1 4 _aPublic international law
_2
651 1 _2
856 4 0 _uhttps://fll.law.cu.edu.eg/fulltext/bks/B11-07881.pdf
905 _a50
942 _2ddc
_cBK
_e21
_n0
999 _c63924
_d63924